000 00461nam a22001217a 4500
999 _c21860
_d21860
008 240925b ||||| |||| 00| 0 eng d
100 _aPrestoza, Mark-Jhon R.
_eauthor.
_961645
245 _aBalot, lugaw, at siapao /
_cMark-Jhon R. Prestoza.
260 _aPhilippines:
_bPublishers Association of the Philippines, Inc.,
_cJuly 2018.
300 _aVolume 66, pages 71-72,
_billustration.
700 _aPrestoza, Mark-Jhon R.
_eauthor.
_961645
942 _2ddc
_cPER